PHP 5 začínáme programovat

Salvato in:
Dettagli Bibliografici
Autore principale: Bráza, Jiří
Natura: Libro
Lingua:ceco
Pubblicazione: Praha Grada 2005
Edizione:1. vyd.
Soggetti:
Accesso online:Visualizza in OPAC
Tags: Aggiungi Tag
Nessun Tag, puoi essere il primo ad aggiungerne!!

MARC

LEADER 00000nam a2200000 a 4500
005 20260127134032.0
008 040113s2003 CZ 0 cze c
020 |a 802471146X 
035 |a vtls008879252 
039 9 |a 200906110920  |b mlmaosk04  |c 200904220918  |d msnk45  |c 200803311052  |d msnk88  |c 200702261433  |d msavuk02  |y 200611201220  |z mschk03 
040 |a SNK  |b slo  |c SNK  |d STUSCHK1  |e AACR2 
044 |a CZ 
072 7 |a 004.4/.6  |x Programové vybavenie. Programové prostriedky  |2 konspekt 
080 |a 004.438PHP 
080 |a 004.432.2 
080 |a 004.42 
080 |a (035) 
100 1 |a Bráza, Jiří 
245 1 |a PHP 5  |b začínáme programovat  |c Jiří Bráza 
250 |a 1. vyd. 
260 |a Praha  |b Grada  |c 2005 
300 |a 244 s.  |b sch., tab.  |c 23 cm 
650 0 7 |a PHP 4  |2 SNKPH 
650 0 7 |a skriptové jazyky  |2 SNKPH 
650 0 7 |a programovanie  |2 SNKPH 
655 7 |a príručky  |2 SNKPH 
910 |a savuk 
910 |a lmaosk 
919 |a 80-247-1146-x 
999 |c 2546  |d 2546